<?xml version="1.0" encoding="UTF-8"?>
<record
    xmlns:xsi="http://www.w3.org/2001/XMLSchema-instance"
    xsi:schemaLocation="http://www.loc.gov/MARC21/slim http://www.loc.gov/standards/marcxml/schema/MARC21slim.xsd"
    xmlns="http://www.loc.gov/MARC21/slim">

  <leader>01947nam a22002897a 4500</leader>
  <datafield tag="999" ind1=" " ind2=" ">
    <subfield code="c">21979</subfield>
    <subfield code="d">21979</subfield>
  </datafield>
  <controlfield tag="003">AR-CdUCM</controlfield>
  <controlfield tag="008">190425b           ||||| |||| 00| 0 spa d</controlfield>
  <datafield tag="040" ind1=" " ind2=" ">
    <subfield code="a">MUNICIPALIDAD PROVINCIAL DEL CUSCO</subfield>
    <subfield code="c">BIBLIOTECA MUNICIPAL DEL CUSCO</subfield>
  </datafield>
  <datafield tag="082" ind1=" " ind2=" ">
    <subfield code="a">CsyArts/N&#xB0;1/1954</subfield>
  </datafield>
  <datafield tag="245" ind1=" " ind2=" ">
    <subfield code="a">Ciencias y Artes :</subfield>
    <subfield code="b">Revista de Cultura /</subfield>
    <subfield code="c">&#xD3;rgano de la Gran Unidad Escolar Inca Garcilaso de la Vega</subfield>
  </datafield>
  <datafield tag="260" ind1=" " ind2=" ">
    <subfield code="a">Cusco.</subfield>
    <subfield code="b">Garcilaso,</subfield>
    <subfield code="c">1954.</subfield>
  </datafield>
  <datafield tag="300" ind1=" " ind2=" ">
    <subfield code="a">100 p&#xE1;ginas. :</subfield>
    <subfield code="b">ilustraciones ;</subfield>
    <subfield code="c">21 cm.</subfield>
  </datafield>
  <datafield tag="440" ind1=" " ind2=" ">
    <subfield code="a">Revista de Cultura Ciencias y Artes.</subfield>
    <subfield code="n">A&#xF1;o I, N&#xFA;mero 1, diciembre de 1954.</subfield>
    <subfield code="9">47040</subfield>
  </datafield>
  <datafield tag="505" ind1=" " ind2=" ">
    <subfield code="a">Contenido: Apuntes para un estudio de la vida de don Manuel de Mollinedo. Horacio Villanueva Urteaga. -- Principios metodol&#xF3;gicos que se aplican en la ense&#xF1;anza de la F&#xED;sica. Lucio Bueno V. -- Escritura de la lengua Aymara y Quechua. Efra&#xED;n Morote Best. -- Emigraci&#xF3;n de estudiantes peruanos al extranjero. Ar&#xED;stides Vega Navarro. -- Apuntes para la Sociolog&#xED;a peruana. S&#xF3;crates Miranda. -- La teor&#xED;a funcional del aprendizaje en acci&#xF3;n. Francisco Carrasco Z. -- Madre de Dios, hoya independiente. Julio Gonzales del Castillo. -- Posibilidad de la reforma de educaci&#xF3;n t&#xE9;cnica en el Per&#xFA;. Segundo Villasante Ortiz. -- Apuntes sobre el rio Watanay. C&#xE9;sar S&#xE1;nchez. -- Algunos aspectos de la ense&#xF1;anza de la Psicolog&#xED;a. Miguel &#xC1;ngel Huam&#xE1;n. -- Funciones de los departamentos Psicopedag&#xF3;gicos en la actual organizaci&#xF3;n de la educaci&#xF3;n secundaria. Jos&#xE9; Manzanares. -- Himno al Colegio de Ciencias...</subfield>
  </datafield>
  <datafield tag="650" ind1=" " ind2=" ">
    <subfield code="a">Manuel de Mollinedo y Angulo</subfield>
    <subfield code="9">5791</subfield>
  </datafield>
  <datafield tag="650" ind1=" " ind2=" ">
    <subfield code="a">Aymara</subfield>
    <subfield code="9">7964</subfield>
  </datafield>
  <datafield tag="650" ind1=" " ind2=" ">
    <subfield code="a">Quechua</subfield>
    <subfield code="9">2063</subfield>
  </datafield>
  <datafield tag="650" ind1=" " ind2=" ">
    <subfield code="a">Rio Huatanay</subfield>
    <subfield code="9">47041</subfield>
  </datafield>
  <datafield tag="650" ind1=" " ind2=" ">
    <subfield code="a">Educaci&#xF3;n</subfield>
    <subfield code="9">460</subfield>
  </datafield>
  <datafield tag="700" ind1=" " ind2=" ">
    <subfield code="a">Villanueva Urteaga, Horacio</subfield>
    <subfield code="9">5790</subfield>
  </datafield>
  <datafield tag="700" ind1=" " ind2=" ">
    <subfield code="a">Morote Best, Efra&#xED;n</subfield>
    <subfield code="9">47042</subfield>
  </datafield>
  <datafield tag="700" ind1=" " ind2=" ">
    <subfield code="a">Roel Pineda, Josafat</subfield>
    <subfield code="9">22398</subfield>
  </datafield>
  <datafield tag="700" ind1=" " ind2=" ">
    <subfield code="a">Nu&#xF1;ez del Prado, Oscar</subfield>
    <subfield code="9">5531</subfield>
  </datafield>
  <datafield tag="700" ind1=" " ind2=" ">
    <subfield code="a">Baca Mendoza, Oswaldo</subfield>
    <subfield code="9">29966</subfield>
  </datafield>
  <datafield tag="942" ind1=" " ind2=" ">
    <subfield code="2">ddc</subfield>
    <subfield code="c">PP</subfield>
  </datafield>
  <datafield tag="945" ind1=" " ind2=" ">
    <subfield code="a">rac</subfield>
  </datafield>
  <datafield tag="952" ind1=" " ind2=" ">
    <subfield code="0">0</subfield>
    <subfield code="2">ddc</subfield>
    <subfield code="4">0</subfield>
    <subfield code="7">0</subfield>
    <subfield code="a">HEM</subfield>
    <subfield code="b">HEM</subfield>
    <subfield code="c">CART</subfield>
    <subfield code="d">2022-02-01</subfield>
    <subfield code="g">5.00</subfield>
    <subfield code="o">CsyArts/N&#xB0;1/1954</subfield>
    <subfield code="p">REVC000482</subfield>
    <subfield code="r">2022-02-01</subfield>
    <subfield code="y">PP</subfield>
  </datafield>
  <datafield tag="952" ind1=" " ind2=" ">
    <subfield code="0">0</subfield>
    <subfield code="2">ddc</subfield>
    <subfield code="4">0</subfield>
    <subfield code="7">0</subfield>
    <subfield code="a">HEM</subfield>
    <subfield code="b">HEM</subfield>
    <subfield code="c">CART</subfield>
    <subfield code="d">2022-02-01</subfield>
    <subfield code="g">5.00</subfield>
    <subfield code="o">CsyArts/N&#xB0;1/1954/e.2</subfield>
    <subfield code="p">REVC000483</subfield>
    <subfield code="r">2022-02-01</subfield>
    <subfield code="y">PP</subfield>
  </datafield>
  <datafield tag="952" ind1=" " ind2=" ">
    <subfield code="0">0</subfield>
    <subfield code="2">ddc</subfield>
    <subfield code="4">0</subfield>
    <subfield code="7">0</subfield>
    <subfield code="a">HEM</subfield>
    <subfield code="b">HEM</subfield>
    <subfield code="c">CART</subfield>
    <subfield code="d">2022-02-01</subfield>
    <subfield code="g">5.00</subfield>
    <subfield code="o">CsyArts/N&#xB0;1/1954/e.3</subfield>
    <subfield code="p">REVC000484</subfield>
    <subfield code="r">2022-02-01</subfield>
    <subfield code="y">PP</subfield>
  </datafield>
</record>
